000 00683nam a2200241 4500
005 20260428124214.0
008 260428b |||||||| |||| 00| 0 eng d
020 _a9780131465534
_qpbk
041 _aeng
082 _a343.7305268 SCH
100 _aScholes,Myron S.
245 _aTaxes and Business Strategy
_bA Planning Approach
_cMyron S. Scholes
250 _a3rd ed.
260 _aUnited States
_bPearson Prentice Hall
_c2004
300 _a556P. :
_c22cm
504 _aindex
650 _aMilitary, tax, trade & industrial law
700 _aWolfson,Mark A.
700 _aErickson,Merle
700 _aMaydew,Edward L.
700 _aShevlin,Terry
942 _cENGLISH
999 _c620187
_d620187